| 000 | 00618nam a2200205Ia 4500 | ||
|---|---|---|---|
| 003 | SISC | ||
| 005 | 20181121070506.0 | ||
| 008 | 181119s9999 xx 000 0 und d | ||
| 020 | _a9780878937226 | ||
| 050 |
_aQH 75 _b.P952 1993 |
||
| 100 | _aPrimack, Richard B. | ||
| 245 |
_aEssentials of conservation biology/ _cRichard B. Primack |
||
| 260 |
_aUSA : _bSinauer Associates, Inc. _c1993 |
||
| 300 |
_a564 pages : _billustrated ; _c23 cm. |
||
| 500 | _aIncludes index and bibliographic references | ||
| 650 | _abiodiversity conservation | ||
| 650 | _aConservation biology | ||
| 942 |
_2lcc _cBK |
||
| 999 |
_c359439 _d359439 |
||